01280agaaa2200289 45000010005000000030009000050050017000140070009000310080040000400400023000800410013001031000044001161300014001602450152001742500022003262600072003483000034004205080119004545110090005735200073006635380016007365460013007526500054007657000060008197000056008797000055009350182IT-RoPAU20220918181249.0d cvaizq50131s9999||||xx ||| | || ||und|| aIT-RoPAUcIT-RoPAU aITALIANO aKounen JangCodice regista SPICS: 53798 aDOBERMANN aDOBERMANNcProdotto da: Dumas F. Neve E. -- Sceneggiatura: Houssin Joel -- Diretto da: Kounen JanpDOBERMANN (Rif. Codice opera principale : G0182) aEdizione Standard a(FRANCIA)bN.d. / g"1997 (1° ed.: 1997 ; Ed. Lingua Orig.: 1997)" aVHSbsonoro, col.c103 minuti a"Montaggio: Brunet Benedicte; Musica: Schyzomaniac; Sceneggiatura: Houssin Joel; Scenografia: Barthelemy Michel; " a"Cassel Vincent; Karyo Tcheky; Bellucci Monica; Basler Antoine; Bettenfeld Dominique" aUN PULP SCANDALOSO TESO ED ESTREMO, UN RITMO DURO DI SANGUE E SESSO. aPAL, STEREO aITALIANO aTHRILLEReFILMS [VHS]xCodice MATERIA SPICS: 9960 aHoussin Joel e(soggetto)gCodice Soggetto SPICS: 53799 aKounen Jan e(regista)gCodice regista SPICS: 53798 aSchyzomaniace(musica)gCodice Musica SPICS: 53800